[Event "Bundesliga 2122"]
[Site "Germany"]
[Date "2022.03.05"]
[Round "1.8"]
[White "Naumann, Alexander"]
[Black "Richter, Philipp"]
[Result "1-0"]
[WhiteElo "2514"]
[BlackElo "2225"]
[PlyCount "81"]
[EventDate "2022.03.05"]
[EventType "team-tourn"]
[EventRounds "15"]
[EventCountry "GER"]
[SourceTitle "EXT 2023"]
[Source "ChessBase"]
[SourceDate "2022.10.05"]
[SourceVersion "1"]
[SourceVersionDate "2022.10.05"]
[SourceQuality "1"]
[WhiteTeam "Solingen"]
[BlackTeam "Dresden TU"]
[WhiteTeamCountry "GER"]
[BlackTeamCountry "GER"]

1. c4 c5 2. Nf3 Nf6 3. Nc3 Nc6 4. e3 e6 5. d4 cxd4 6. exd4 d5 7. Bg5 Be7 8. c5 Ne4 9. Bxe7 Qxe7 10. Qc2 Nxc3 11. Qxc3 e5 12. dxe5 0-0 13. 0-0-0 Be6 14. Bb5 Rfc8 15. Kb1 b6 16. Bxc6 Rxc6 17. Nd4 Rxc5 18. Qe3 Qd7 19. Qd3 Rac8 20. f4 g6 21. h3 f6 22. exf6 Rf8 23. g4 Rxf6 24. Rhe1 Qf7 25. Re5 Bd7 26. Rde1 Rxf4 27. Re7 Re4 28. R1xe4 dxe4 29. Rxf7 exd3 30. Rxd7 Re5 31. Kc1 Re3 32. Kd2 Rxh3 33. Ne6 h5 34. Rd8+ Kf7 35. Ng5+ Ke7 36. Nxh3 Kxd8 37. g5 Kd7 38. Kxd3 Ke6 39. Ke4 a6 40. Nf4+ Kf7 41. Ke5 1-0

[Event "Bundesliga 1920"]
[Site "Germany"]
[Date "2021.10.14"]
[Round "10.56"]
[White "Richter, Philipp"]
[Black "Zelbel, Patrick"]
[Result "0-1"]
[WhiteElo "2084"]
[BlackElo "2445"]
[PlyCount "56"]
[EventDate "2019.11.23"]
[EventType "team-tourn"]
[EventRounds "15"]
[EventCountry "GER"]
[SourceTitle "EXT 2022"]
[Source "ChessBase"]
[SourceDate "2021.10.06"]
[SourceVersion "1"]
[SourceVersionDate "2021.10.06"]
[SourceQuality "1"]
[WhiteTeam "Dresden TU"]
[BlackTeam "Muelheim Nord"]
[WhiteTeamCountry "GER"]
[BlackTeamCountry "GER"]

1. d4 Nf6 2. c4 g6 3. f3 c5 4. d5 d6 5. e4 Bg7 6. Nc3 e6 7. Nge2 exd5 8. cxd5 Nbd7 9. Ng3 h5 10. Be2 Nh7 11. Be3 h4 12. Nf1 0-0 13. Nd2 f5 14. g3 Qe7 15. Qc2 fxe4 16. Ndxe4 Ne5 17. 0-0 a6 18. a4 Bh3 19. Rf2 Rae8 20. Rb1 Bf5 21. b4 hxg3 22. hxg3 Ng4 23. bxc5 Nxe3 24. Qd3 Bxc3 25. Qxc3 Bxe4 26. cxd6 Qxd6 27. Rxb7 Qxg3+ 28. Kh1 Re5 0-1

[Event "Sachsen-ch"]
[Site "Leipzig"]
[Date "2018.11.03"]
[Round "2"]
[White "Richter, Philipp"]
[Black "Schunk, Thomas"]
[Result "1/2-1/2"]
[WhiteElo "2048"]
[BlackElo "2177"]
[PlyCount "115"]
[EventDate "2018.11.02"]
[EventType "swiss"]
[EventRounds "6"]
[EventCountry "GER"]
[SourceTitle "CBM 187 Extra"]
[Source "ChessBase"]
[SourceDate "2018.11.04"]
[SourceVersion "1"]
[SourceVersionDate "2018.11.04"]
[SourceQuality "1"]

1. d4 f5 2. c4 Nf6 3. Nc3 e6 4. g3 d5 5. Bg2 c6 6. b3 Bb4 7. Bd2 Qe7 8. Nf3 0-0 9. 0-0 Nbd7 10. Qc2 Bxc3 11. Bxc3 Ne4 12. Bb2 g5 13. Ne1 Rf7 14. Nd3 h5 15. f3 Nef6 16. Nf2 g4 17. h4 gxh3 18. Nxh3 Rg7 19. Bc1 Nf8 20. Bf4 Ng6 21. Bg5 Qf7 22. e4 Nh7 23. Bh6 h4 24. g4 Ne7 25. Bxg7 Qxg7 26. Qf2 dxe4 27. gxf5 e3 28. Qxe3 Nxf5 29. Qf4 Qxd4+ 30. Qxd4 Nxd4 31. Kf2 e5 32. Rae1 Bxh3 33. Bxh3 Re8 34. f4 e4 35. Rg1+ Kf7 36. Bg4 Nf6 37. Bd1 Rd8 38. b4 c5 39. bxc5 Ne6 40. Bc2 Nxf4 41. Ke3 Ne6 42. c6 bxc6 43. Bxe4 Nxe4 44. Kxe4 Rd4+ 45. Kf5 Rf4+ 46. Ke5 Rxc4 47. Rb1 Rc5+ 48. Kd6 Rd5+ 49. Kxc6 Ra5 50. Kd6 Ra6+ 51. Kd7 Nc5+ 52. Kc7 Ne6+ 53. Kb8 Rxa2 54. Rh1 Ra4 55. Rb5 Kg6 56. Rg1+ Kf6 57. Rh5 Nd4 58. Rh6+ 1/2-1/2

[Event "Gelsenkirchen Silvester op 1st"]
[Site "Gelsenkirchen"]
[Date "2013.12.28"]
[Round "3"]
[White "Michalicek, Roland"]
[Black "Richter, Philipp"]
[Result "1-0"]
[WhiteElo "1921"]
[BlackElo "1593"]
[PlyCount "141"]
[EventDate "2013.12.27"]
[EventType "swiss"]
[EventRounds "5"]
[EventCountry "GER"]
[SourceTitle "EXT 2019"]
[Source "ChessBase"]
[SourceDate "2018.10.10"]
[SourceVersion "1"]
[SourceVersionDate "2018.10.10"]
[SourceQuality "1"]

1. e4 c5 2. Nf3 d6 3. d4 cxd4 4. Nxd4 Nf6 5. Nc3 g6 6. Bc4 Bg7 7. h3 Nc6 8. Be3 0-0 9. 0-0 Bd7 10. Qd2 Rc8 11. Bb3 Ne5 12. Rad1 Nc4 13. Bxc4 Rxc4 14. e5 dxe5 15. Nf3 Qb8 16. Rfe1 Rcc8 17. Bh6 Rfd8 18. Bxg7 Kxg7 19. Qe3 e4 20. Ng5 Bc6 21. Rxd8 Rxd8 22. Ncxe4 Bxe4 23. Nxe4 Nxe4 24. Qxe4 e6 25. g3 Qc7 26. Re3 b6 27. Rc3 Qe7 28. Rf3 h5 29. h4 f6 30. Rc3 e5 31. Qf3 Qe6 32. Kh2 Rd7 33. Qa8 Qxa2 34. Rc8 Qf7 35. Qc6 Rb7 36. Qd6 Rd7 37. Qc6 Rb7 38. Ra8 Rc7 39. Qd6 Rd7 40. Qb8 g5 41. hxg5 Kg6 42. Qh8 Kxg5 43. Rf8 Qe7 44. Rg8+ Kf5 45. Qxh5+ Ke4 46. Qe2+ Kd5 47. Rc8 Qh7+ 48. Kg1 Kd6 49. Qc4 Ke7 50. Qb4+ Kf7 51. Qf8+ Kg6 52. Qe8+ Kf5 53. Rd8 Rxd8 54. Qxd8 Ke6 55. Qc8+ Qd7 56. Qxd7+ Kxd7 57. Kg2 f5 58. f3 Ke6 59. Kf2 Kd5 60. Ke3 b5 61. g4 fxg4 62. fxg4 e4 63. b4 a6 64. g5 Ke5 65. g6 Kf6 66. Kxe4 Kxg6 67. Kd5 Kf6 68. Kc6 Ke6 69. Kb6 Kd6 70. Kxa6 Kc6 71. c3 1-0

[Event "Muensterland Verbandsklasse-B 1213"]
[Site "Germany"]
[Date "2013.03.16"]
[Round "7.8"]
[White "Richter, Philipp"]
[Black "Duecker, Marcel"]
[Result "1-0"]
[WhiteElo "1425"]
[BlackElo "1358"]
[PlyCount "51"]
[EventDate "2012.09.15"]
[EventType "team-tourn"]
[EventRounds "9"]
[EventCountry "GER"]
[SourceTitle "EXT 2015"]
[Source "ChessBase"]
[SourceDate "2014.11.20"]
[SourceVersion "1"]
[SourceVersionDate "2014.11.20"]
[SourceQuality "1"]
[WhiteTeam "Borken"]
[BlackTeam "Stadtlohn"]
[WhiteTeamCountry "GER"]
[BlackTeamCountry "GER"]

1. e4 e5 2. Nf3 Nc6 3. Bb5 Bc5 4. 0-0 Nf6 5. d3 h6 6. Bxc6 dxc6 7. Nxe5 0-0 8. Nc3 Bd4 9. Nf3 Bg4 10. Be3 c5 11. Rb1 Nd7 12. Nb5 Ne5 13. Bxd4 Nxf3+ 14. gxf3 Bh3 15. Be3 Qf6 16. Kh1 Bxf1 17. Qxf1 Qxf3+ 18. Qg2 Qxg2+ 19. Kxg2 c6 20. Bxc5 Rfd8 21. Nxa7 Re8 22. Bb6 Re6 23. b4 Kh7 24. c4 Rf6 25. a4 c5 26. bxc5 1-0